Green Concrete for a Better Sustainable Environment (Record no. 10021)

MARC details
000 -LEADER
fixed length control field 01062nam a2200121Ia 4500
008 - FIXED-LENGTH DATA ELEMENTS--GENERAL INFORMATION
fixed length control field 220615s9999||||xx |||||||||||||| ||und||
245 #0 - TITLE STATEMENT
Title Green Concrete for a Better Sustainable Environment
546 ## - LANGUAGE NOTE
Language note English[eng]
650 ## - SUBJECT ADDED ENTRY--TOPICAL TERM
Topical term or geographic name entry element recycled aggregate concrete||shrinkage and creep||attached mortar||prediction model||construction and demolition wastes||resource utilization||recycled concrete hollow block||masonry walls||seismic performance||steel frame||infilled shear walls||semi-rigid connection||seismic behavior||MSWI bottom ash||concrete||sulfate attack||capillary transport||crystallization||husk mortar wallboard||experiment||lateral strength||strain||failure load||full replacement ratio||section steel and RAC||bond behavior||SRRC (Steel Reinforced Recycled Concrete)||bond strength||bond slip||numerical simulation||salt||NaCl||asphalt concrete||freeze–thaw cycles||winter road||industrial waste||sustainable concrete||recycled expanded glass||n/a
700 ## - ADDED ENTRY--PERSONAL NAME
Personal name Tang, Patrick
856 ## - ELECTRONIC LOCATION AND ACCESS
Uniform Resource Identifier <a href="https://mdpi.com/books/pdfview/book/2825">https://mdpi.com/books/pdfview/book/2825</a>
942 ## - ADDED ENTRY ELEMENTS (KOHA)
Koha item type E-Books
Holdings
Withdrawn status Lost status Damaged status Not for loan Home library Current library Date acquired Total Checkouts Date last seen Price effective from Koha item type
        Kerala University of Digital Sciences, Innovation and Technology Knowledge Centre Kerala University of Digital Sciences, Innovation and Technology Knowledge Centre 15/06/2022   15/06/2022 15/06/2022 E-Books